<?xml version="1.0" encoding="UTF-8"?><?xml-stylesheet type="text/xsl" href="static/style.xsl"?><OAI-PMH xmlns="http://www.openarchives.org/OAI/2.0/" xmlns:xsi="http://www.w3.org/2001/XMLSchema-instance" xsi:schemaLocation="http://www.openarchives.org/OAI/2.0/ http://www.openarchives.org/OAI/2.0/OAI-PMH.xsd"><responseDate>2026-04-14T07:29:44Z</responseDate><request verb="GetRecord" identifier="oai:www.recercat.cat:20.500.12327/3528" metadataPrefix="marc">https://recercat.cat/oai/request</request><GetRecord><record><header><identifier>oai:recercat.cat:20.500.12327/3528</identifier><datestamp>2025-10-22T11:09:03Z</datestamp><setSpec>com_2072_4428</setSpec><setSpec>com_2072_4427</setSpec><setSpec>col_2072_487898</setSpec></header><metadata><record xmlns="http://www.loc.gov/MARC21/slim" xmlns:dcterms="http://purl.org/dc/terms/" xmlns:xsi="http://www.w3.org/2001/XMLSchema-instance" xmlns:doc="http://www.lyncode.com/xoai" xsi:schemaLocation="http://www.loc.gov/MARC21/slim http://www.loc.gov/standards/marcxml/schema/MARC21slim.xsd">
   <leader>00925njm 22002777a 4500</leader>
   <datafield ind2=" " ind1=" " tag="042">
      <subfield code="a">dc</subfield>
   </datafield>
   <datafield ind2=" " ind1=" " tag="720">
      <subfield code="a">Solà-Oriol, D.</subfield>
      <subfield code="e">author</subfield>
   </datafield>
   <datafield ind2=" " ind1=" " tag="720">
      <subfield code="a">van Kempen, T.</subfield>
      <subfield code="e">author</subfield>
   </datafield>
   <datafield ind2=" " ind1=" " tag="720">
      <subfield code="a">Torrallardona, David</subfield>
      <subfield code="e">author</subfield>
   </datafield>
   <datafield ind2=" " ind1=" " tag="260">
      <subfield code="c">2010-07-23</subfield>
   </datafield>
   <datafield ind2=" " ind1=" " tag="520">
      <subfield code="a">Changes in the rate of passage of digesta may affect feed digestibility and glycaemia, but at the same time glycaemia may also regulate stomach emptying and as a consequence digesta passage rate. The correlations between the glycaemic index (GI) of 12 cereals, the ileal and total tract, dry matter (DM) and organic matter (OM) digestibilities and the ileal digesta flow characteristics of pig feeds containing them were studied. GI for each cereal was calculated as the maximal glucose release rate per minute using an in vitro digestibility system. Pigs fitted with an ileal T-cannula were used to measure the DM and OM digestibilities (ileal and total tract) of the corresponding cereal-based diets, and their ileal digesta flow rate, lag time to initial flow of digesta (Tlag) and mean retention time (MRT). Titanium dioxide (TiO2) was used as indigestible marker. The Spearman's correlations between the GI, the parameters of digesta flow and the digestibility values were estimated. GI was significantly correlated with ileal digestibility of OM (r = 0.58; P &lt; 0.05), ileal digesta flow rate (r = 0.79; P &lt; 0.01), Tlag (r = − 0.76; P &lt; 0.01) and MRT (r = − 0.87; P &lt; 0.01). DM and OM ileal digestibility and the digesta flow parameters were also correlated (P &lt; 0.05). Positive significant correlations between cereal GI, feed digestibility and digesta flow rate have been found.</subfield>
   </datafield>
   <datafield ind1="8" ind2=" " tag="024">
      <subfield code="a">Solà-Oriol, D., T. Van Kempen, and D. Torrallardona. 2010. “Relationships Between Glycaemic Index and Digesta Passage of Cereal-based Diets in Pigs.” Livestock Science 134 (1–3): 41–43. doi: 10.1016/j.livsci.2010.06.091</subfield>
   </datafield>
   <datafield ind1="8" ind2=" " tag="024">
      <subfield code="a">1871-1413</subfield>
   </datafield>
   <datafield ind1="8" ind2=" " tag="024">
      <subfield code="a">http://hdl.handle.net/20.500.12327/3528</subfield>
   </datafield>
   <datafield ind1="8" ind2=" " tag="024">
      <subfield code="a">https://doi.org/10.1016/j.livsci.2010.06.091</subfield>
   </datafield>
   <datafield ind2="0" ind1="0" tag="245">
      <subfield code="a">Relationships between glycaemic index and digesta passage of cereal-based diets in pigs</subfield>
   </datafield>
</record></metadata></record></GetRecord></OAI-PMH>